Statistics for Countries that have sent animal to space

Click here to take the quiz!

General Stats

  • This quiz has been taken 93 times
  • The average score is 5 of 7

Answer Stats

Answer% Correct
USA
99%
Soviet Union
96%
China
92%
Japan
85%
France
80%
Iran
34%
Argentina
13%

Score Distribution

Percentile by Number Answered

Percent of People with Each Score

Your Score History

You have not taken this quiz